[Event "Fredericia IM 2019"]
[Site "Fredericia"]
[Date "2019.05.29"]
[Round "1.1"]
[White "Devereaux, IM Maxim"]
[Black "Jacobsen, FM Mikkel Manosri"]
[Result "*"]
[WhiteElo "2342"]
[BlackElo "2319"]
[Annotator "TA"]
[PlyCount "32"]
[EventDate "2019.05.29"]
[EventType "tourn"]
[EventCountry "DEN"]
[SourceTitle "playchess.com"]
[Source "ChessBase"]
[SourceQuality "1"]

{[%evp 11,32,0,0,0,8,1,9,16,42,35,29,37,39,39,52,52,39,30,36,-18,136,124,133]} 1. e4 c6 2. d4 d5 3. e5 Bf5 4. h4 h5 5. c4 e6 6. Nc3 Ne7 7. Nge2 {B12: Caro-Kann: Advance Variation} dxc4 (7... Bg4 8. Bg5 Qb6 9. c5 Qc7 10. f3 Bf5 11. Ng3 f6 12. Bf4 Nd7 13. exf6 Qxf4 14. Nce2 Qh6 15. fxe7 Bxe7 16. Nxf5 exf5 {½-½ (27) Sutovsky,E (2647)-Artemiev,V (2704) Poikovsky 2018}) 8. Ng3 Bg6 9. Bxc4 {The position is equal.} Nd7 10. Bg5 {[#] Nge4 is the strong threat.} Nb6 11. Be2 {[%cal Re2h5]} Qd7 12. a4 $36 {[%mdl 2048] White has good play.} a5 13. Bxh5 $146 ({Don't play} 13. Nxh5 Bxh5 14. Bxh5 Nf5 $11) ({Predecessor:} 13. O-O Nbd5 14. Nxh5 Nb4 {1-0 (49) Grandelius,N (2573)-Jorgensen,D (2245) Helsingor 2013}) 13... Bxh5 14. Nxh5 Nf5 15. Rh3 ({Better is} 15. Ne4 $14 Bb4+ 16. Kf1) 15... Bb4 $2 {[#]} ({Black should play} 15... Qxd4 $11 16. Qxd4 Nxd4) 16. Kf1 $16 Kf8 *

[Event "Fredericia IM 2019"]
[Site "Fredericia"]
[Date "2019.05.29"]
[Round "1.1"]
[White "Devereaux, Maxim L"]
[Black "Jacobsen, Mikkel Manosri"]
[Result "1-0"]
[WhiteElo "2342"]
[BlackElo "2319"]
[Annotator "TA"]
[PlyCount "55"]
[EventDate "2019.05.29"]
[EventType "tourn"]
[EventCountry "DEN"]
[SourceTitle "playchess.com"]
[Source "ChessBase"]
[SourceQuality "1"]

{[%evp 11,55,0,0,0,0,-13,24,17,36,33,48,42,32,37,39,32,45,45,71,-15,117,114,125,102,185,100,129,127,119,109,184,185,239,245,1027,1022,1132,1075,1113,1085,1335,1211,29997,29998,29998,29999]} 1. e4 c6 2. d4 d5 3. e5 Bf5 4. h4 h5 5. c4 e6 6. Nc3 Ne7 7. Nge2 {B12: Caro-Kann: Advance Variation} dxc4 (7... Bg4 8. Bg5 Qb6 9. c5 Qc7 10. f3 Bf5 11. Ng3 f6 12. Bf4 Nd7 13. exf6 Qxf4 14. Nce2 Qh6 15. fxe7 Bxe7 16. Nxf5 exf5 {½-½ (27) Sutovsky,E (2647)-Artemiev,V (2704) Poikovsky 2018}) 8. Ng3 Bg6 9. Bxc4 {White has an edge.} Nd7 10. Bg5 {aiming for Nge4.} Nb6 11. Be2 {[%cal Re2h5]} Qd7 12. a4 $36 {[%mdl 2048] White has good play.} a5 13. Bxh5 $146 ({Predecessor:} 13. O-O Nbd5 14. Nxh5 Nb4 {1-0 (49) Grandelius,N (2573)-Jorgensen,D (2245) Helsingor 2013}) 13... Bxh5 14. Nxh5 Nf5 {[#]} 15. Rh3 (15. Ne4 $1 $16 {[%cal Re4f6]} Bb4+ 16. Kf1) 15... Bb4 (15... Qxd4 $11 16. Qxd4 Nxd4) 16. Kf1 $16 Kf8 17. Nf4 Kg8 (17... Be7 $16) 18. Nce2 ({White should try} 18. g4 $18 Nxd4 19. h5) 18... Nd5 19. Nxd5 Qxd5 20. Qd3 Ra6 (20... Be7 $16) 21. g4 $18 Ne7 (21... Nh6 {keeps fighting.}) 22. h5 {Strongly threatening Nf4.} Rb6 $2 (22... Rh7 23. Nf4 Qd7) 23. Nf4 Qd7 24. h6 {[%mdl 64] Overworked Piece} gxh6 25. Bf6 Rh7 26. Kg2 {White wants to mate with Qxh7+!} Nd5 {[#]} 27. Qxh7+ $1 {[%mdl 512]} Kxh7 {[#]} 28. Rxh6+ $1 {[%mdl 512] Accuracy: White = 62%, Black = 32%.} 1-0

[Event "Fredericia IM 2019"]
[Site "Fredericia"]
[Date "2019.05.29"]
[Round "1.2"]
[White "Fries-Nielsen, Niels Jorgen"]
[Black "Vasli, Aref"]
[Result "1/2-1/2"]
[WhiteElo "2328"]
[BlackElo "2346"]
[Annotator "TA"]
[PlyCount "137"]
[EventDate "2019.05.29"]
[EventType "tourn"]
[EventCountry "DEN"]
[SourceTitle "playchess.com"]
[Source "ChessBase"]
[SourceQuality "1"]

{[%evp 12,137,27,-13,-13,-30,-32,-40,17,12,16,37,37,0,0,-33,0,-52,-29,-73,-70,-79,-79,-79,-78,-73,-78,-75,-90,-90,-87,-88,-93,-117,-111,-125,-121,-122,-96,-96,-69,-85,-84,-90,-89,-87,-89,-90,-89,-103,-100,-104,-112,-133,-119,-132,-133,-175,-86,-119,-118,-111,-71,-118,-110,-118,-117,-118,-118,-118,-118,-114,-71,-57,-54,-54,-54,-54,-54,-54,-54,-54,-54,-54,-54,-54,-54,-54,-54,-54,-54,-59,0,0,0,-41,0,0,0,-59,0,-59,0,-59,-59,-59,-46,-59,-59,-59,-46,-46,-46,-59,0,0,0,0,0,0,0,0,0,0,0,0,0,0]} 1. g3 Nf6 2. Bg2 e5 3. d3 d5 4. Nf3 Nc6 5. O-O Be7 6. c4 d4 7. Na3 O-O {A09: Réti Opening: 1 Nf3 d5 2 c4} 8. Nc2 a5 9. b3 Nd7 ({Black should try} 9... Re8 $15) (9... Bf5 10. Bb2 Re8 11. a3 Rb8 12. Nh4 Bg4 13. h3 Be6 14. Kh2 Nd7 15. Nf3 {1-0 (48) Hickl,J (2588)-Bauer,C (2637) Switzerland 2015}) 10. e3 $11 Nc5 11. exd4 exd4 12. Bb2 {[%cal Rc2d4]} Bg4 13. h3 $146 ({Predecessor:} 13. Qd2 Bf6 14. Ba3 b6 15. h3 {1-0 (66) Leveille,F (2261)-Mitkov,N (2526) Montreal 2009}) 13... Bh5 14. g4 (14. Qd2 $11) 14... Bg6 $15 15. Ncxd4 Nb4 16. Nf5 Bxf5 $1 17. gxf5 Nbxd3 18. Bd4 Bf6 19. Bxc5 Nxc5 20. Qxd8 Raxd8 21. Rad1 c6 22. Nh2 Rfe8 23. Bf3 Nd3 24. Ng4 Bc3 25. Ne3 Nb4 26. Rxd8 Rxd8 27. a3 Na6 28. Rd1 Rxd1+ 29. Bxd1 $17 {[%mdl 4096] Endgame KBN-KBN} Kf8 30. Kg2 Ke7 31. Kf3 Kf6 32. Bc2 Bb2 33. Ng4+ {[#]} Ke7 $1 34. a4 {[#]} Nc5 (34... Kd6 $1 $19 35. Ke4 h5) 35. h4 Kd6 36. h5 Bc1 37. Ke2 Bg5 38. f3 Nd7 39. Nf2 h6 40. Ne4+ Ke5 41. Bb1 Be7 42. Ke3 {aiming for f4+.} Bc5+ 43. Nxc5 Nxc5 $15 {KB-KN} 44. f4+ Kd6 45. Bc2 b6 46. Kd4 Nd7 47. Bd1 Nf6 48. Bf3 c5+ 49. Ke3 Ke7 50. Bd1 Kf8 51. Be2 Kg8 (51... Ke8 $15) 52. Bd1 $11 Kh7 53. Bc2 Kg8 54. Bd1 Kf8 55. Be2 $1 Ke7 56. Bd1 $1 Kd6 57. Bf3 Kd7 58. Be2 Ng8 59. Bg4 {And now f6+ would win.} Kd6 60. Bf3 Ne7 61. Be4 Kd7 62. Kf3 Nc8 (62... Ng8 $15 63. Kg3 Nf6) 63. f6 $1 {The position is equal.} gxf6 64. Bf5+ Kc7 65. Bxc8 $1 Kxc8 66. Ke4 {Hoping for Kf5.} Kd7 67. Kd5 Kc7 $1 68. Ke4 {Black must now prevent Kf5.} Kd6 69. f5 {Accuracy: White = 60%, Black = 64%.} 1/2-1/2

[Event "Fredericia IM 2019"]
[Site "Fredericia"]
[Date "2019.05.29"]
[Round "1.3"]
[White "Pedersen, Nicolai Kvist Brondt"]
[Black "Ahlander, Bjorn"]
[Result "1/2-1/2"]
[WhiteElo "2325"]
[BlackElo "2421"]
[Annotator "TA"]
[PlyCount "109"]
[EventDate "2019.05.29"]
[EventType "tourn"]
[EventCountry "DEN"]
[SourceTitle "playchess.com"]
[Source "ChessBase"]
[SourceQuality "1"]

{[%evp 16,109,6,0,4,-5,12,4,0,0,5,2,21,15,14,1,17,8,9,4,18,10,16,-6,-9,-24,-18,-24,-25,-14,-18,-43,-50,-62,-69,-73,-40,-62,-49,-270,-22,-32,0,-62,0,8,0,0,9,18,5,0,155,169,167,173,331,293,437,65,92,0,0,0,150,145,150,-18,150,143,146,143,129,109,90,0,0,0,0,4,4,4,4,4,98,10,10,10,116,0,0,0,22,22,43,52]} 1. Nf3 d5 2. d4 Nf6 3. c4 e6 4. g3 Bb4+ 5. Bd2 Be7 6. Bg2 O-O 7. O-O Nbd7 8. Qc2 c6 9. Bg5 b6 {E11: Bogo-Indian} 10. Nbd2 Ba6 (10... h6 11. Bxf6 Nxf6 12. e4 Bb7 13. e5 Nd7 14. cxd5 cxd5 15. Rfe1 b5 16. Bf1 Qb6 17. Bd3 {0-1 (46) Li,C (2751)-Tomashevsky,E (2728) Huaian 2016}) 11. Rac1 Rc8 {The position is equal.} 12. Rfe1 h6 13. Bxf6 Bxf6 14. e4 Bb7 $146 ({Predecessor:} 14... dxc4 15. Nxc4 Qc7 16. Ne3 Qb8 17. Ng4 {1-0 (50) Molenda,M (2277)-Suarez Gomez,J (2429) Prague 2016}) 15. Qd3 a5 16. cxd5 cxd5 17. e5 Be7 18. Bf1 Nb8 19. Qb3 Bc6 20. Nb1 a4 21. Qd3 b5 {[%cal Bb6b5,Bb5b4][%mdl 32]} 22. Nc3 $1 b4 23. Nb5 Qb6 24. Be2 Rfd8 25. Kg2 Bb7 {Hoping for ...Rxc1.} 26. Rxc8 Rxc8 27. Bd1 $2 (27. Nd6 $15 Bxd6 28. exd6) 27... Qa6 $2 (27... Ba6 $1 $19 {[%cal Ra6b5]} 28. Bxa4 Qa5) 28. Be2 $11 Qb6 {...Ba6 is the strong threat.} 29. Qd1 (29. Bd1 $1 $11) 29... Qa5 (29... Bc6 $1 $15 30. Qd3 (30. Qxa4 Rc7 $17) 30... Bd7) 30. Nd6 Bxd6 31. exd6 Qd8 32. Qxa4 {Black must now prevent Qa7.} Qxd6 33. Ne5 f6 $2 ({Black should try} 33... Nc6 $11) 34. Nd3 $1 $16 Nc6 35. Nc5 Rc7 $2 (35... Rb8 {was worth a try.}) 36. Rc1 $18 Bc8 (36... Nd8 $142 37. Nxb7 (37. Qxb4 Bc8 $16) 37... Rxb7) 37. Nb3 $2 ({Only move:} 37. Na6 $1 $18 {[%cal Ra6c7]} Bxa6 38. Qxa6) 37... Bd7 38. Bb5 (38. Qa6 $16) 38... Ra7 $36 {[%mdl 2048] Black is pushing.} 39. Rxc6 {[%mdl 64] Remove Defender} Bxc6 (39... Qb8 $11 40. Na5 Bxc6 41. Bxc6 Qc7 42. Qxb4 Rxa5) 40. Qxa7 $16 Bxb5 41. Qc5 $2 (41. Nc5 $16) 41... Qxc5 $2 (41... Qa6 $1 $11 42. Nd2 Bd3) 42. Nxc5 $11 {[%mdl 4096] Endgame KB-KN} e5 {[#]} 43. Kf3 $1 Kf7 44. Ke3 Ke7 45. Nd3 ({Better is} 45. a3 $16) 45... Bxd3 $1 46. Kxd3 {KP-KP} e4+ $1 47. Kc2 f5 $1 48. Kb3 g5 $1 49. Kxb4 f4 $1 {[%cal Rf4f3] [#]} 50. gxf4 (50. Kc3 $1 $16) 50... gxf4 51. Kc3 $1 Kd6 52. h4 (52. a4 $16) 52... h5 $1 53. b4 Kc6 54. a4 Kb6 55. Kd2 {Accuracy: White = 44%, Black = 53%.} 1/2-1/2

[Event "Fredericia IM 2019"]
[Site "Fredericia"]
[Date "2019.05.29"]
[Round "1.4"]
[White "Easwaralingam, Adesh"]
[Black "Antonsen, Mikkel"]
[Result "0-1"]
[WhiteElo "2123"]
[BlackElo "2423"]
[Annotator "TA"]
[PlyCount "72"]
[EventDate "2019.05.29"]
[EventType "tourn"]
[EventCountry "DEN"]
[SourceTitle "playchess.com"]
[Source "ChessBase"]
[SourceQuality "1"]

{[%evp 16,72,10,19,10,10,17,17,14,23,10,13,46,45,33,41,48,47,57,62,147,155,147,139,184,68,215,219,268,264,250,183,238,119,81,108,288,206,183,122,331,108,135,115,187,61,57,0,0,0,0,-363,-342,-533,-533,-29987,-29974,-29975,-29975]} 1. e4 c5 2. Nf3 Nc6 3. Bb5 g6 4. Bxc6 dxc6 5. d3 Bg7 6. h3 Nf6 7. Nc3 Nd7 8. Be3 e5 9. Qd2 h6 {B31: Sicilian: 2...Nc6 3 Bb5 g6} 10. O-O (10. a3 b6 11. b4 Nf8 12. bxc5 Ne6 13. cxb6 axb6 14. Qc1 f5 15. a4 f4 16. Bd2 O-O 17. Qb2 {0-1 (51) Meier,G (2628)-Caruana,F (2819) Karlsruhe/Baden Baden 2019}) 10... b6 11. Nh2 Nf8 {The position is equal.} 12. f4 exf4 13. Bxf4 {[#]} Be6 $146 ({Predecessor:} 13... Ne6 14. Be3 Nd4 15. Nd1 Be6 16. c3 Nb5 17. Nf2 {½-½ (25) Chigaev,M (2634)-Gukesh,D (2536) Karlsruhe 2019}) 14. Nf3 $36 {[%mdl 2048] White has good play.} g5 15. Bg3 Ng6 16. Rae1 Qd7 17. e5 Ne7 (17... O-O $14) 18. Ne4 $16 Nf5 19. Bh2 O-O-O 20. b4 (20. g4 $18 Nh4 21. Nd6+ Kb8 22. Nxh4 gxh4 23. Nxf7 $1 {[%mdl 512]}) 20... c4 (20... cxb4 $14 21. g4 Ne7) 21. g4 $18 Ne7 22. Nd6+ Kb8 23. dxc4 h5 (23... Nc8 $142 24. Nd4 Nxd6 25. Nxe6 (25. exd6 Bxd4+ 26. Qxd4 h5 $16) 25... Qxe6 26. exd6 {[%mdl 64] Discovered Attack} Qxc4) 24. Qe3 ({Less strong is} 24. Nxg5 Bh6 $14) ({Don't take} 24. Qxg5 $6 hxg4 25. Nd4 g3) (24. Qd3 $18) 24... hxg4 $16 25. Nxg5 Ka8 $2 (25... Bh6 $16) 26. Ndxf7 Bxc4 27. Nxd8 (27. Nxh8 $18 {Black must now prevent Nhf7.} Bxh8 28. Rf2) 27... Bxf1 $2 (27... Rxd8 $16 28. Rf2 gxh3) 28. Rxf1 $2 (28. Ndf7 $1 $18 {is the precise move to win.}) 28... Rxd8 29. h4 $1 Nf5 {[#]} (29... g3 $16 30. Qxg3 (30. Bxg3 Nf5 $11) 30... Qd4+ 31. Kh1 Qxb4) 30. Qf2 (30. Qe4 $1 $18 Nxh4 31. Bg3 Nf3+ 32. Nxf3 gxf3 33. Rxf3) 30... g3 $1 $14 {[%cal Rg3f2]} 31. Bxg3 ({White should play} 31. Qxf5 $14 Qd4+ 32. Kh1 Qxh4 {[%mdl 64] Pin} 33. Nf3) 31... Nxg3 $11 32. Qxg3 {Threatens to win with e6.} Bxe5 33. Qf3 $2 {[%mdl 8192] [#]} (33. Qxe5 $11 {and White stays safe.} Qg4+ {[%mdl 64] Double Attack} 34. Kh1 Qxh4+ 35. Kg1) 33... Qd4+ $1 $19 34. Kg2 (34. Rf2 {keeps fighting.} Qxh4 35. Nf7) 34... Qxh4 {[%csl Ge5][%cal Rh4h2]} 35. Qe3 Qh2+ 36. Kf3 Rf8+ {Accuracy: White = 36%, Black = 35%.} 0-1

[Event "Fredericia IM 2019"]
[Site "Fredericia"]
[Date "2019.05.29"]
[Round "1.5"]
[White "Sorensen, Hampus"]
[Black "Olsen, Filip Boe"]
[Result "*"]
[WhiteElo "2343"]
[BlackElo "2394"]
[Annotator "TA"]
[PlyCount "24"]
[EventDate "2019.05.29"]
[EventType "tourn"]
[EventCountry "DEN"]
[SourceTitle "playchess.com"]
[Source "ChessBase"]
[SourceQuality "1"]

{[%evp 13,24,0,66,-31,-19,-33,-19,-37,-26,-31,-39,-37,25]} 1. c4 e6 2. d4 Nf6 3. Nf3 d5 4. Bg5 dxc4 5. e4 b5 6. a4 c6 7. Nc3 Bb4 (7... Qb6 $11) 8. g3 $146 {D44: Semi-Slav: Botvinnik System} (8. axb5 $14 cxb5 9. e5) ({Predecessor:} 8. e5 h6 9. exf6 hxg5 10. fxg7 Rg8 11. g3 g4 12. Ne5 Qd5 13. Nxg4 Nd7 14. f3 Bb7 15. Bg2 O-O-O 16. O-O Bxc3 17. bxc3 a6 18. f4 Qd6 19. Qf3 Rxg7 20. axb5 axb5 {½-½ (83) Riazantsev,A (2649)-Wang,H (2730) St Petersburg 2018}) 8... h6 $15 9. Bxf6 Qxf6 10. Bg2 Bb7 11. O-O a6 $1 12. Ne1 e5 (12... Bxc3 $15 13. e5 Qd8 14. bxc3 O-O) *

[Event "Fredericia IM 2019"]
[Site "Fredericia"]
[Date "2019.05.29"]
[Round "1.6"]
[White "Kakulidis, WCM Ellen"]
[Black "Sahl, WIM Sheila Barth"]
[Result "*"]
[WhiteElo "2014"]
[BlackElo "2127"]
[Annotator "ChessBase"]
[PlyCount "29"]
[EventDate "2019.05.29"]
[EventType "tourn"]
[EventCountry "DEN"]
[SourceTitle "playchess.com"]
[Source "ChessBase"]
[SourceQuality "1"]
[TimeControl "40/5400+30:1800+30"]

1. d4 {[%emt 0:00:00]} Nf6 {[%emt 0:00:00]} 2. g3 {[%emt 0:00:00]} d5 {[%emt 0:00:00]} 3. Nf3 {[%emt 0:00:00]} Bf5 {[%emt 0:00:18]} 4. c4 {[%emt 0:00:25]} c6 {[%emt 0:00:39]} 5. Nc3 {[%emt 0:00:39]} e6 {[%emt 0:00:26]} 6. Nh4 {[%emt 0:01:55]} dxc4 {[%emt 0:02:17]} 7. Nxf5 {[%emt 0:00:21]} exf5 {[%emt 0:00:04]} 8. e3 {[%emt 0:01:16]} Nbd7 {[%emt 0:04:41]} 9. Bxc4 {[%emt 0:00:28]} Nb6 {[%emt 0:00:22]} 10. Bf1 {[%emt 0:00:36]} Be7 {[%emt 0:04:27]} 11. Bg2 {[%emt 0:00:52]} O-O {[%emt 0:00:30]} 12. O-O {[%emt 0:00:52]} Re8 {[%emt 0:06:36]} 13. Qc2 {[%emt 0:14:21]} g6 {[%emt 0:01:23]} 14. b3 {[%emt 0:08:03]} Nbd5 {[%emt 0:04:26]} 15. Bb2 {[%emt 0:02:38]} *

[Event "Fredericia IM 2019"]
[Site "Fredericia"]
[Date "2019.05.29"]
[Round "1.7"]
[White "Mayrhuber, WFM Nikola"]
[Black "Sucikova, WFM Svetlana"]
[Result "*"]
[WhiteElo "1985"]
[BlackElo "2110"]
[Annotator "ChessBase"]
[PlyCount "26"]
[EventDate "2019.05.29"]
[EventType "tourn"]
[EventCountry "DEN"]
[SourceTitle "playchess.com"]
[Source "ChessBase"]
[SourceQuality "1"]
[TimeControl "40/5400+30:1800+30"]

1. d4 {[%emt 0:00:00]} d5 {[%emt 0:00:14]} 2. Nf3 {[%emt 0:00:00]} Nf6 {[%emt 0:00:39]} 3. c4 {[%emt 0:00:07]} e6 {[%emt 0:00:42]} 4. g3 {[%emt 0:00:33]} Be7 {[%emt 0:00:26]} 5. Bg2 {[%emt 0:00:32]} O-O {[%emt 0:00:23]} 6. O-O {[%emt 0:00:15]} c6 {[%emt 0:00:12]} 7. Qc2 {[%emt 0:02:40]} Nbd7 {[%emt 0:01:11]} 8. b3 {[%emt 0:02:29]} b6 {[%emt 0:01:58]} 9. Rd1 {[%emt 0:00:36]} Qc7 {[%emt 0:09:52]} 10. cxd5 {[%emt 0:12:00]} exd5 {[%emt 0:00:22]} 11. Nc3 {[%emt 0:02:39]} Bd6 {[%emt 0:00:09]} 12. Bb2 {[%emt 0:04:08]} Re8 {[%emt 0:07:25]} 13. Rac1 {[%emt 0:03:00]} Ba6 {[%emt 0:00:09]} *

[Event "Fredericia IM 2019"]
[Site "Fredericia"]
[Date "2019.05.30"]
[Round "2.1"]
[White "Devereaux, Maxim L"]
[Black "Fries-Nielsen, Niels Jorgen"]
[Result "1/2-1/2"]
[WhiteElo "2342"]
[BlackElo "2328"]
[Annotator "ChessBase"]
[PlyCount "60"]
[EventDate "2019.05.29"]
[EventType "tourn"]
[EventCountry "DEN"]
[SourceTitle "playchess.com"]
[Source "ChessBase"]
[SourceQuality "1"]
[TimeControl "40/5400+30:1800+30"]

1. e4 {[%emt 0:00:00]} c5 {[%emt 0:03:27]} 2. Nf3 {[%emt 0:00:33]} Nc6 {[%emt 0:02:41]} 3. Bb5 {[%emt 0:00:40]} d6 {[%emt 0:05:45]} 4. O-O {[%emt 0:01:48]} Bd7 {[%emt 0:02:10]} 5. Re1 {[%emt 0:03:08]} Nf6 {[%emt 0:04:48]} 6. c4 {[%emt 0:08:35]} g6 {[%emt 0:06:07]} 7. Nc3 {[%emt 0:01:56]} Bg7 {[%emt 0:02:51]} 8. Bxc6 {[%emt 0:14:19]} Bxc6 {[%emt 0:03:15]} 9. d4 {[%emt 0:00:05]} cxd4 {[%emt 0:03:34]} 10. Nxd4 {[%emt 0:00:06]} O-O {[%emt 0:02:10]} 11. b3 {[%emt 0:06:46]} Re8 {[%emt 0:04:57]} 12. Bb2 {[%emt 0:03:55]} Rc8 {[%emt 0:04:08]} 13. Qd2 {[%emt 0:05:04]} Qa5 {[%emt 0:03:37]} 14. Rad1 {[%emt 0:01:33]} Bd7 {[%emt 0:04:43]} 15. h3 {[%emt 0:03:04]} a6 {[%emt 0:02:52]} 16. a4 {[%emt 0:06:35]} Qb4 {[%emt 0:07:00]} 17. Qd3 {[%emt 0:03:29]} e5 {[%emt 0:04:30]} 18. Na2 {[%emt 0:01:56]} Qc5 {[%emt 0:01:22]} 19. Nf3 {[%emt 0:05:41]} b5 {[%emt 0:02:27]} 20. axb5 {[%emt 0:03:56]} axb5 {[%emt 0:00:12]} 21. Qxd6 {[%emt 0:01:50]} bxc4 {[%emt 0:05:19]} 22. Qxc5 {[%emt 0:05:50]} Rxc5 {[%emt 0:00:02]} 23. bxc4 {[%emt 0:00:08]} Rxc4 {[%emt 0:05:08]} 24. Bxe5 {[%emt 0:02:48]} Ba4 {[%emt 0:01:35]} 25. Rd4 {[%emt 0:02:18]} Rxd4 {[%emt 0:01:25]} 26. Bxd4 {[%emt 0:00:05]} Nxe4 {[%emt 0:02:28]} 27. Bxg7 {[%emt 0:00:37]} Kxg7 {[%emt 0:00:02]} 28. Re3 {[%emt 0:00:52]} Nf6 {[%emt 0:04:29]} 29. Rxe8 {[%emt 0:00:19]} Bxe8 {[%emt 0:00:17]} 30. Nc3 {[%emt 0:00:04]} Bc6 {[%emt 0:00:13]} 1/2-1/2

[Event "Fredericia IM 2019"]
[Site "Fredericia"]
[Date "2019.05.30"]
[Round "2.1"]
[White "Devereaux, Maxim L"]
[Black "Fries-Nielsen, Niels Jorgen"]
[Result "*"]
[WhiteElo "2342"]
[BlackElo "2328"]
[Annotator "TA"]
[PlyCount "35"]
[EventDate "2019.05.29"]
[EventType "tourn"]
[EventCountry "DEN"]
[SourceTitle "playchess.com"]
[Source "ChessBase"]
[SourceQuality "1"]

{[%evp 6,6,38]} 1. e4 c5 2. Nf3 Nc6 3. Bb5 d6 {Predecessor:} 4. O-O $146 Bd7 5. Re1 Nf6 6. c3 a6 7. Bf1 Bg4 8. h3 Bxf3 9. Qxf3 e6 10. d3 Be7 11. Nd2 O-O 12. g3 d5 13. Qe2 b5 14. Bg2 Rb8 15. Nf3 Qb6 16. exd5 Nxd5 17. Ng5 Bxg5 18. Bxg5 {½-½ (31) Jones,G (2681)-Bu,X (2731) Astana 2019} *

[Event "Fredericia IM 2019"]
[Site "Fredericia"]
[Date "2019.05.30"]
[Round "2.2"]
[White "Antonsen, Mikkel"]
[Black "Sorensen, Hampus"]
[Result "0-1"]
[WhiteElo "2423"]
[BlackElo "2343"]
[Annotator "ChessBase"]
[PlyCount "78"]
[EventDate "2019.05.29"]
[EventType "tourn"]
[EventCountry "DEN"]
[SourceTitle "playchess.com"]
[Source "ChessBase"]
[SourceQuality "1"]
[TimeControl "40/5400+30:1800+30"]

1. d4 {[%emt 0:00:00]} d5 {[%emt 0:00:00]} 2. c4 {[%emt 0:00:04]} c6 {[%emt 0:00:26]} 3. Nf3 {[%emt 0:00:06]} Nf6 {[%emt 0:00:39]} 4. e3 {[%emt 0:00:09]} a6 {[%emt 0:00:29]} 5. Bd3 {[%emt 0:10:16]} Bg4 {[%emt 0:01:22]} 6. Nbd2 {[%emt 0:00:35]} e6 {[%emt 0:00:38]} 7. Qc2 {[%emt 0:00:28]} dxc4 {[%emt 0:06:28]} 8. Bxc4 {[%emt 0:15:03]} Nbd7 {[%emt 0:03:33]} 9. h3 {[%emt 0:02:02]} Bh5 {[%emt 0:03:22]} 10. e4 {[%emt 0:05:57]} c5 {[%emt 0:18:36]} 11. e5 {[%emt 0:21:12]} Nd5 {[%emt 0:06:35]} 12. Bxd5 {[%emt 0:00:25]} exd5 {[%emt 0:00:01]} 13. O-O {[%emt 0:00:18]} Qb6 {[%emt 0:05:30]} 14. b3 {[%emt 0:08:52]} Bg6 {[%emt 0:03:55]} 15. Qd1 {[%emt 0:01:08]} Be7 {[%emt 0:02:37]} 16. Bb2 {[%emt 0:07:27]} O-O {[%emt 0:00:20]} 17. Re1 {[%emt 0:00:02]} Rac8 {[%emt 0:05:53]} 18. Nf1 {[%emt 0:00:18]} Rfd8 {[%emt 0:02:50]} 19. Ne3 {[%emt 0:04:42]} Nf8 {[%emt 0:00:28]} 20. dxc5 {[%emt 0:00:15]} Bxc5 {[%emt 0:00:32]} 21. Bd4 {[%emt 0:00:05]} Ne6 {[%emt 0:05:47]} 22. Bxc5 {[%emt 0:00:09]} Qxc5 {[%emt 0:07:56]} 23. Rc1 {[%emt 0:02:33]} Qxc1 {[%emt 0:00:25]} 24. Qxc1 {[%emt 0:00:03]} Rxc1 {[%emt 0:00:03]} 25. Rxc1 {[%emt 0:00:05]} d4 {[%emt 0:07:47]} 26. Nc4 {[%emt 0:00:20]} b5 {[%emt 0:00:48]} 27. Ncd2 {[%emt 0:03:22]} Bd3 {[%emt 0:06:56]} 28. b4 {[%emt 0:02:55]} h6 {[%emt 0:05:17]} 29. Rc6 {[%emt 0:00:53]} Be2 {[%emt 0:00:19]} 30. Rxa6 {[%emt 0:05:53]} d3 {[%emt 0:00:53]} 31. Ne1 {[%emt 0:02:07]} Rc8 {[%emt 0:01:02]} 32. f3 {[%emt 0:00:25]} Rc1 {[%emt 0:00:33]} 33. Kf2 {[%emt 0:00:07]} Rd1 {[%emt 0:00:15]} 34. Ne4 {[%emt 0:05:13]} d2 {[%emt 0:00:09]} 35. Nxd2 {[%emt 0:00:27]} Rxd2 {[%emt 0:00:02]} 36. Ke3 {[%emt 0:00:06]} Rb2 {[%emt 0:00:10]} 37. a4 {[%emt 0:00:22]} bxa4 {[%emt 0:00:29]} 38. Rxa4 {[%emt 0:00:05]} Bb5 {[%emt 0:00:09]} 39. Ra8+ {[%emt 0:01:04]} Kh7 {[%emt 0:00:04]} 0-1

[Event "Fredericia IM 2019"]
[Site "Fredericia"]
[Date "2019.05.30"]
[Round "2.2"]
[White "Antonsen, Mikkel"]
[Black "Sorensen, Hampus"]
[Result "*"]
[WhiteElo "2423"]
[BlackElo "2343"]
[Annotator "TA"]
[PlyCount "26"]
[EventDate "2019.05.29"]
[EventType "tourn"]
[EventCountry "DEN"]
[SourceTitle "playchess.com"]
[Source "ChessBase"]
[SourceQuality "1"]

{[%evp 9,10,30,40]} 1. d4 d5 2. c4 c6 3. Nf3 Nf6 4. e3 a6 5. Bd3 Bg4 {Predecessor:} 6. Nbd2 $146 e6 7. h3 Bh5 8. Qc2 dxc4 9. Nxc4 Bxf3 10. gxf3 c5 11. dxc5 Bxc5 12. a3 Nc6 13. b4 Be7 {0-1 (36) Nakamura,H (2786)-Carlsen,M (2832) chess.com INT 2018} *

[Event "Fredericia IM 2019"]
[Site "Fredericia"]
[Date "2019.05.30"]
[Round "2.3"]
[White "Vasli, Aref"]
[Black "Pedersen, Nicolai Kvist Brondt"]
[Result "*"]
[WhiteElo "2346"]
[BlackElo "2325"]
[Annotator "TA"]
[PlyCount "38"]
[EventDate "2019.05.29"]
[EventType "tourn"]
[EventCountry "DEN"]
[SourceTitle "playchess.com"]
[Source "ChessBase"]
[SourceQuality "1"]

{[%evp 16,20,56,16,28,15,27]} 1. e4 c5 2. Nf3 e6 3. d4 cxd4 4. Nxd4 Nc6 5. Nc3 Qc7 6. g3 a6 7. Bg2 d6 8. O-O Bd7 9. Re1 Nxd4 {B47: Sicilian: Taimanov: 5 Nc3 Qc7 6 f4, 6 g3 and 6 Be2} (9... Be7 10. Nxc6 Bxc6 11. a4 Nf6 12. a5 {½-½ (12) Delgado Ramirez,N (2615)-Leitao,R (2618) Teresina 2018}) 10. Qxd4 Nf6 {Predecessor:} 11. a4 $146 Be7 12. a5 O-O 13. h3 Bc6 14. Be3 Rac8 15. Qd2 Rfe8 16. Bb6 Qb8 17. Kh2 Nd7 18. Be3 Bf6 19. Ra3 Ne5 {1-0 (56) Yurtseven,M (2299)-Akesson,R (2428) Pardubice 2015} *